Hebräisch: biblisch-hebräische Unterrichtsgrammatik
| Main Author: | |
|---|---|
| Contributors: | ; |
| Format: | Print Book |
| Language: | German Hebrew |
| Subito Delivery Service: | Order now. |
| Check availability: | HBZ Gateway |
| WorldCat: | WorldCat |
| Interlibrary Loan: | Interlibrary Loan for the Fachinformationsdienste (Specialized Information Services in Germany) |
| Published: |
Berlin Boston, Mass.
De Gruyter
2012
|
| In: | Year: 2012 |
| Edition: | 3. Aufl. |
| Series/Journal: | De Gruyter Studium
|
| Standardized Subjects / Keyword chains: | B
Hebrew language
/ Grammar
B Hebrew language / Textbook |
| Further subjects: | B
Bible. Old Testament
Language, style Textbooks
B Hebrew language B Textbook B Hebrew language Grammar Textbooks |
| Online Access: |
Inhaltstext (Publisher) Table of Contents |
| Parallel Edition: | Electronic
|
MARC
| LEADER | 00000cam a2200000 c 4500 | ||
|---|---|---|---|
| 001 | 682839515 | ||
| 003 | DE-627 | ||
| 005 | 20251223230924.0 | ||
| 007 | tu | ||
| 008 | 120111s2012 gw ||||| 00| ||ger c | ||
| 010 | |a 2012370411 | ||
| 015 | |a 12,N02 |2 dnb | ||
| 015 | |a 12,A25 |2 dnb | ||
| 016 | 7 | |a 101844288X |2 DE-101 | |
| 020 | |a 9783110283457 |c kart. : EUR 29.95 (DE), EUR 30.80 (AT) |9 978-3-11-028345-7 | ||
| 020 | |a 311028345X |9 3-11-028345-X | ||
| 024 | 3 | |a 9783110283457 | |
| 035 | |a (DE-627)682839515 | ||
| 035 | |a (DE-576)367024039 | ||
| 035 | |a (DE-599)DNB101844288X | ||
| 035 | |a (OCoLC)796088440 | ||
| 035 | |a (OCoLC)796088440 | ||
| 040 | |a DE-627 |b ger |c DE-627 |e rakwb | ||
| 041 | |a ger |a heb | ||
| 044 | |c XA-DE-BE |c XD-US | ||
| 050 | 0 | |a PJ4567.3 | |
| 072 | 7 | |a LAN006000 |2 bisacsh | |
| 072 | 7 | |a LAN021000 |2 bisacsh | |
| 072 | 7 | |a REL006410 |2 bisacsh | |
| 082 | 0 | |a 490 |q BSZ | |
| 082 | 0 | |a 492.482431 | |
| 082 | 0 | 4 | |a 490 |q DNB |
| 084 | |a 1 |2 ssgn | ||
| 084 | |a BC 1060 |2 rvk |0 (DE-625)rvk/9194: | ||
| 084 | |a 18.75 |2 bkl | ||
| 084 | |a 17.50 |2 bkl | ||
| 090 | |a a | ||
| 100 | 1 | |0 (DE-588)141533056 |0 (DE-627)629448043 |0 (DE-576)324304269 |4 aut |a Krause, Martin |d 1942-2020 | |
| 109 | |a Krause, Martin 1942-2020 | ||
| 245 | 1 | 0 | |a Hebräisch |b biblisch-hebräische Unterrichtsgrammatik |c Martin Krause. Hrsg. von Michael Pietsch und Martin Rösel |
| 250 | |a 3. Aufl. | ||
| 264 | 1 | |a Berlin |a Boston, Mass. |b De Gruyter |c 2012 | |
| 300 | |a XVI, 376 S. |c 230 mm x 155 mm | ||
| 336 | |a Text |b txt |2 rdacontent | ||
| 337 | |a ohne Hilfsmittel zu benutzen |b n |2 rdamedia | ||
| 338 | |a Band |b nc |2 rdacarrier | ||
| 490 | 0 | |a De Gruyter Studium | |
| 500 | |a Text teilw. hebr. - Teilw. in hebr. Schr. - Literaturangaben | ||
| 583 | 1 | |a Archivierung prüfen |c 20240324 |f DE-4165 |z 1 |2 pdager | |
| 630 | 2 | 0 | |a Bible |p Old Testament |x Language, style |v Textbooks |
| 650 | 0 | |a Hebrew language |x Grammar |v Textbooks | |
| 650 | 0 | 7 | |0 (DE-588)4023922-6 |0 (DE-627)106301276 |0 (DE-576)208952055 |a Hebräisch |2 gnd |
| 655 | 7 | |a Lehrbuch |0 (DE-588)4123623-3 |0 (DE-627)104270187 |0 (DE-576)209561262 |2 gnd-content | |
| 689 | 0 | 0 | |d s |0 (DE-588)4023922-6 |0 (DE-627)106301276 |0 (DE-576)208952055 |2 gnd |a Hebräisch |
| 689 | 0 | 1 | |d s |0 (DE-588)4021806-5 |0 (DE-627)106312081 |0 (DE-576)208940081 |2 gnd |a Grammatik |
| 689 | 0 | |5 DE-101 | |
| 689 | 1 | 0 | |d s |0 (DE-588)4023922-6 |0 (DE-627)106301276 |0 (DE-576)208952055 |2 gnd |a Hebräisch |
| 689 | 1 | 1 | |d s |0 (DE-588)4123623-3 |0 (DE-627)104270187 |0 (DE-576)209561262 |2 gnd |a Lehrbuch |
| 689 | 1 | |5 (DE-627) | |
| 689 | 2 | 0 | |d s |0 (DE-588)4023922-6 |0 (DE-627)106301276 |0 (DE-576)208952055 |2 gnd |a Hebräisch |
| 689 | 2 | 1 | |d s |0 (DE-588)4021806-5 |0 (DE-627)106312081 |0 (DE-576)208940081 |2 gnd |a Grammatik |
| 689 | 2 | |5 (DE-627) | |
| 700 | 1 | |0 (DE-588)124927637 |0 (DE-627)368364895 |0 (DE-576)187017689 |4 oth |a Pietsch, Michael |d 1967- | |
| 700 | 1 | |0 (DE-588)121237680 |0 (DE-627)081173881 |0 (DE-576)171905385 |4 oth |a Rösel, Martin |d 1961- | |
| 776 | 1 | |z 9783110288469 |c ebook | |
| 776 | 0 | 8 | |i Erscheint auch als |n Online-Ausgabe |a Krause, Martin |t Hebräisch |b 3. Aufl. |d [s.l.] : Walter de Gruyter GmbH Co.KG, 2012 |h 1 Online-Ressource (376 p.) |w (DE-627)1655757989 |w (DE-576)405044127 |z 9783110283457 |z 311028345X |k Electronic |
| 856 | 4 | 2 | |u http://deposit.dnb.de/cgi-bin/dokserv?id=3951041&prov=M&dok_var=1&dok_ext=htm |m X: MVB |q text/html |v 2013-05-01 |x Verlag |3 Inhaltstext |7 1 |
| 856 | 4 | 2 | |u http://d-nb.info/101844288X/04 |m B:DE-101 |q application/pdf |v 2013-05-01 |x Verlag |3 Inhaltsverzeichnis |7 1 |
| 935 | |a mteo |a BIIN | ||
| 935 | |i sf | ||
| 935 | |i Blocktest | ||
| 936 | r | v | |a BC 1060 |b Hebräisch |k Theologie und Religionswissenschaften |k Bibelwissenschaft |k Biblische Sprachen und allgemeine Hilfsmittel zum Bibelstudium |k Grammatiken |k Hebräisch |0 (DE-627)1270711741 |0 (DE-625)rvk/9194: |0 (DE-576)200711741 |
| 936 | b | k | |a 18.75 |j Hebräische Sprache und Literatur |0 (DE-627)106417886 |
| 936 | b | k | |a 17.50 |j Allgemeine Grammatik |0 (DE-627)106404970 |
| 951 | |a BO | ||
| BIB | |a 1 | ||
| ELC | |b 1 | ||
| LOK | |0 000 xxxxxcx a22 zn 4500 | ||
| LOK | |0 001 320797743X | ||
| LOK | |0 003 DE-627 | ||
| LOK | |0 004 682839515 | ||
| LOK | |0 005 20190312002324 | ||
| LOK | |0 008 190311||||||||||||||||ger||||||| | ||
| LOK | |0 035 |a (DE-Tue135-1)223370 | ||
| LOK | |0 040 |a DE-Tue135-1 |c DE-627 |d DE-Tue135-1 | ||
| LOK | |0 852 |a DE-Tue135-1 | ||
| LOK | |0 852 1 |c FTHAT068924 |m p |9 00 | ||
| LOK | |0 852 2 |b H 7 |9 00 | ||
| LOK | |0 935 |a iMON | ||
| LOK | |0 938 |k p | ||
| LOK | |0 939 |a 11-03-19 |b l12 | ||
| ORI | |a SA-MARC-ixtheoa001.raw | ||
| REL | |a 1 | ||
| STA | 0 | 0 | |a Grammar,Grammar, Comparative and general,Grammar,Hebrew language,Old Hebrew language,Old Testament Hebrew language,Textbook |
| STB | 0 | 0 | |a Grammaire,Hébreu,Manuel |
| STC | 0 | 0 | |a Gramática,Hebreo,Manual |
| STD | 0 | 0 | |a Ebraico,Grammatica,Manuale didattico |
| STE | 0 | 0 | |a 希伯来语,希伯来文,教科书,语法 |
| STF | 0 | 0 | |a 希伯來語,希伯來文,教科書,語法 |
| STG | 0 | 0 | |a Gramática,Hebraico,Manual |
| STH | 0 | 0 | |a Грамматика,Иврит,Учебник |
| STI | 0 | 0 | |a Γραμματική,Εβραϊκή γλώσσα,Εγχειρίδιο διδασκαλίας |
| SUB | |a BIB |a REL | ||
| SYE | 0 | 0 | |a Althebräisch,Biblisches Hebräisch,Bibelhebräisch,Alttestamentliches Hebräisch,Klassisches Hebräisch,Biblisch-hebräisch |
| SYG | 0 | 0 | |a Althebräisch,Biblisches Hebräisch,Bibelhebräisch,Alttestamentliches Hebräisch,Klassisches Hebräisch,Biblisch-hebräisch , Althebräisch,Biblisches Hebräisch,Bibelhebräisch,Alttestamentliches Hebräisch,Klassisches Hebräisch,Biblisch-hebräisch , Kompendium , Althebräisch,Biblisches Hebräisch,Bibelhebräisch,Alttestamentliches Hebräisch,Klassisches Hebräisch,Biblisch-hebräisch |